Guide to Japanese taxes (Record no. 15338)

000 -CABECERA
campo de control de longitud fija 00460nam#a2200193#c#4500
003 - IDENTIFICADOR DEL NÚMERO DE CONTROL
campo de control IEF
005 - FECHA Y HORA DE LA ÚLTIMA TRANSACCIÓN
campo de control 20180219151406.0
008 - CÓDIGOS DE INFORMACIÓN DE LONGITUD FIJA
campo de control de longitud fija 950601s1979 uuu####fr####| 0||u| |u
040 ## - FUENTE DE LA CATALOGACIÓN
Centro catalogador de origen IEF
100 1# - PUNTO DE ACCESO PRINCIPAL - NOMBRE DE PERSONA
Nombre de persona Hayashi, Taizo
9 (RLIN) 20796
245 ## - MENCIÓN DE TÍTULO
Título Guide to Japanese taxes
Resto del título 1978
Mención de responsabilidad etc. 79
260 ## - PUBLICACIÓN, DISTRIBUCIÓN, ETC. (PIE DE IMPRENTA)
Lugar de publicación distribución etc. Tokyo
Nombre del editor distribuidor etc. Zaikei Shohosha
Fecha de publicación distribución etc. 1979
300 ## - DESCRIPCIÓN FÍSICA
Extensión v.
Dimensiones 22 cm
650 #4 - PUNTO DE ACCESO ADICIONAL DE MATERIA--TÉRMINO DE MATERIA
Término de materia o nombre geográfico como elemento inicial IMPUESTOS
9 (RLIN) 47460
650 #4 - PUNTO DE ACCESO ADICIONAL DE MATERIA--TÉRMINO DE MATERIA
Término de materia o nombre geográfico como elemento inicial JAPON
9 (RLIN) 47522
942 ## - ELEMENTOS DE PUNTO DE ACCESO ADICIONAL (KOHA)
Tipo de ítem Koha Libros
942 ## - ELEMENTOS DE PUNTO DE ACCESO ADICIONAL (KOHA)
-- 60116
Holdings
Estado de retiro Estado de pérdida Estado dañado No para préstamo Localización permanente Fecha de adquisición Signatura topográfica completa Código de barras Fecha visto por última vez Precio válido a partir de Tipo de ítem Koha Nota pública
      Disponible para préstamo IEF 1995-06-01 30750 30750 2018-02-19 2018-02-19 Libros 1978/79

Powered by Koha